000 00875nab a2200253 u 4500
001 13515
003 HDC
007 cr bn ---aaaaa
008 210213c xx dr|noo 0 a eng d
040 _aHDC
100 _aAddy, Rod.,
_eauthor
_914307
245 0 _aHalal meat suppliers gain export boost /
_cby Rod Addy
260 _a[No place] :
_b[publisher not identified],
_c[no date]
336 _atext
_2rdacontent
337 _acomputer
_2rdamedia
338 _aonline resource
_2rdacarrier
650 _aHalal food industry
_9128
650 _aMeat industry and trade
_zUnited Arab Emirates
_914308
710 _aMeatinfo.co.uk
856 _zRequest full-text at [email protected]
942 _2lcc
942 _cNEWS
942 _kNWSO 001785
999 _c10831
_d10831